| 000 | 00903nam a2200289 c 4500 | ||
|---|---|---|---|
| 003 | BLK | ||
| 005 | 20180420222832.0 | ||
| 008 | 180408b bul|||||r ||||||| ||bul|| | ||
| 010 | _aKNG00063295000 | ||
| 040 | _aBLK | ||
| 041 |
_aBUL _cBUL |
||
| 080 |
_aЯдрена, атомна, молекулярна физика. Вж и 621.039.5; 621.384.6 _b539.1 _x _z539.1 |
||
| 100 | 1 |
_aБорн, Макс _eпърви автор _9288766 |
|
| 139 |
_aБорн, Макс _bБ 66 |
||
| 245 | 1 | 0 |
_aАтомна физика _cМакс Борн. |
| 257 | _aBGR | ||
| 260 |
_аСофия _bНаука и изкуство _c1972 |
||
| 300 |
_a518 с. _c22 см |
||
| 380 | _a5 | ||
| 650 | 4 |
_aАтомна физика _9288763 |
|
| 653 | _aатомна физика | ||
| 852 | _aЦб 67229 | ||
| 856 | 4 |
_qpdf _u |
|
| 856 | 4 |
_qpdf _u |
|
| 942 |
_cKNG _n0 |
||
| 944 |
_aCR _c13.06.2004 _kЦветанка_Енчева |
||
| 944 |
_aED _c06.11.2006 _k |
||
| 999 |
_c59209 _d59209 |
||